Las Transiciones Constitucionales: desarrollo y crisis del constitucionalismo a finales del siglo XX
Saved in:
| Main Author: | |
|---|---|
| Format: | Book |
| Language: | Spanish |
| Published: |
Bogotá
Universidad Externado de Colombia
2002
|
| Edition: | 1a. ed |
| Subjects: | |
| Tags: |
Add Tag
No Tags, Be the first to tag this record!
|
MARC
| LEADER | 00000nam a2200000 a 4500 | ||
|---|---|---|---|
| 001 | UCJ9769 | ||
| 003 | CL-VaPUC | ||
| 008 | 070405e20020600CK |||||||||||||||||spa|d | ||
| 020 | |a 9586166341 | ||
| 082 | 0 | 4 | |a 342.029 |b DEV |2 21 |
| 100 | 0 | |a De Vergottini, Giuseppe |e author |9 519862 | |
| 245 | 1 | 4 | |a Las Transiciones Constitucionales: desarrollo y crisis del constitucionalismo a finales del siglo XX |
| 250 | |a 1a. ed | ||
| 300 | |a 253 p | ||
| 942 | |c BK | ||
| 945 | |d 20070405 00:00:00 |a lvergara | ||
| 260 | |a Bogotá |b Universidad Externado de Colombia |c 2002 | ||
| 650 | 0 | |a Derecho constitucional |9 222588 | |
| 650 | 0 | |a Historia constitucional |9 256052 | |
| 583 | |a last modification |c 20150819 11:38:04 |k Rodrigo Vera | ||
| 999 | |c 325178 |d 325176 | ||
| 952 | |0 0 |1 0 |4 0 |6 342_029000000000000_DEV_2002 |7 0 |8 A |9 405808 |a BIBHIS |b BIBHIS |d 2019-11-22 |i 4329139 |o 342.029 DEV 2002 |p 4329139 |r 2025-01-20 |w 2019-11-22 |y BK |k HIS | ||